| 000 | 00613nam a2200181Ia 4500 | ||
|---|---|---|---|
| 008 | 090630s9999 xx 000 0 und d | ||
| 082 | _b13933 | ||
| 100 | _aवाळिंबे शरच्चंद्र. | ||
| 245 |
_aसी इगल. _cवाळिंबे शरच्चंद्र. |
||
| 260 |
_bवसंत बुक. _c1996 |
||
| 300 | _a203 | ||
| 600 | _aवाळिंबे शरच्चंद्र. | ||
| 630 | _aसी इगल. | ||
| 655 | _aकादंबरी. | ||
| 700 | _aवाळिंबे शरच्चंद्र. | ||
| 730 | _aसी इगल. | ||
| 942 | _cBOOK | ||
| 999 |
_c265789 _d265789 |
||